Countries With an F1 Driver - Statistics

General Stats
  • This quiz has been taken 15 times
    12 since last reset
  • The average score is 33 of 41
Answer Stats
Answer % Correct
Australia
100%
Brazil
100%
Canada
100%
China
100%
Japan
100%
Mexico
100%
Russia
100%
Spain
100%
United Kingdom
100%
United States
100%
Germany
91%
India
91%
Indonesia
91%
Ireland
91%
Italy
91%
Sweden
91%
Argentina
82%
Austria
82%
Belgium
82%
Columbia
82%
Denmark
82%
Finland
82%
France
82%
Hungary
82%
Morocco
82%
Netherlands
82%
New Zealand
82%
Portugal
82%
Thailand
82%
Venezuela
82%
Chile
73%
Czech Republic
73%
Monaco
73%
South Africa
73%
Uruguay
73%
Malaysia
64%
Poland
64%
Switzerland
55%
Liechtenstein
36%
East Germany
27%
Rhodesia
27%
No matching quizzes found
Score Distribution
Percent of People with Each Score
Percentile by Number Answered
Your Score History
You have not taken this quiz since the last reset